Vstreča smorjakom pesnja dla golosa s soprovoždeniem fortepiano /

Hlavní autor: Kac, Sigizmund Abramovič, 1908-1984
Další autoři: Charitonov, Vladimir Gavrilovič, 1920-1981
Jazyk: Ruština
Vydáno: Moskva : Muzgiz, 1950
Fyzický popis: 7 s.
Hudebniny Hudebniny
Uloženo v:
LEADER 00789ncm a22002172a 4500
001 001077286
003 CZ BrMZK
005 20140307095844.0
007 qu
008 091201s1950 ru |||||||||||||||||rus d
040 |a BOA001  |b cze 
072 7 |a 784  |x Vokální hudba  |2 Konspekt  |9 9 
100 1 |a Kac, Sigizmund Abramovič,  |d 1908-1984  |7 mzk2011655736  |4 cmp 
245 1 0 |a Vstreča smorjakom  |h [hudebnina] :  |b pesnja dla golosa s soprovoždeniem fortepiano /  |c Sigismund Kac ; slova V. Charitonova 
260 |a Moskva :  |b Muzgiz,  |c 1950 
300 |a 7 s. 
700 1 |a Charitonov, Vladimir Gavrilovič,  |d 1920-1981  |7 mzk2014811130  |4 lyr 
910 |a BOA001  |b Mus2-0268.005 
990 |a MU 
991 |b 200912 
996 6 |b 2619437955  |c Mus2-0268.005  |l MZK  |r Sklad / do 1 hodiny  |n 0  |w 001098871  |u 000010  |a 1  |e BOA001  |j MZK50  |s P